| 000 | 01472nam0a2200373 4500 | ||
|---|---|---|---|
| 001 | RU\NLR\bibl\277165 | ||
| 005 | 20260406134444.0 | ||
| 010 |
_a5-89392-041-4 _93000 |
||
| 021 |
_aRU _b2002-6654 _9325 |
||
| 035 | _a(NLR Aleph) 000272675 | ||
| 090 |
_a1594595 _c1594595 |
||
| 100 | _a20020613d2002 |||y0rusy50 ca | ||
| 101 | 0 | _arus | |
| 102 | _aRU | ||
| 105 | _aa ||||||||| | ||
| 200 | 1 |
_aКомпьютер для студентов, аспирантов и преподавателей _fПод ред. В. Б. Комягина |
|
| 210 |
_aМ. _cТриумф _d2002 |
||
| 215 |
_a652 с. _cил. _d24 |
||
| 225 | 1 | _aСамоучитель | |
| 313 | _aпо книге автора 2001г. | ||
| 606 | 0 |
_aКомпьютеры персональные _jРуководства, пособия и т.п. _9920284 _3RU\NLR\auth\6618292 |
|
| 606 | 0 |
_aКомпьютеры персональные _jУчебные издания для самообразования _9920284 _3RU\NLR\auth\6618292 |
|
| 610 | 0 | _aКомпьютеры персональные | |
| 675 |
_a004.382.7(075.4) _v3 _zrus |
||
| 686 |
_a50 _2rugasnti |
||
| 686 |
_a32.973.26я7 _2rubbk |
||
| 686 | _aЗ973.23я78-1 | ||
| 702 | 1 |
_4340 _8rus _7ca _aКомягин _bВ. Б. _gВалерий Борисович _3RU\NLR\auth\772240 _9112256 |
|
| 801 | 0 |
_aRU _bRKP _c20020613 _gPSBO |
|
| 801 | 1 |
_aRU _bRKP _c20020613 |
|
| 801 | 2 |
_aRU _bNLR _c20060609 _grcr |
|
| 942 | _cBOOK | ||
| 980 | _aNB | ||